<?xml version="1.0" encoding="UTF-8"?>
<marc:record xmlns:marc="http://www.loc.gov/MARC21/slim">
   <marc:leader>00000nam a2200000 a 4500</marc:leader>
   <marc:datafield ind1="1" ind2=" " tag="100">
      <marc:subfield code="a">Langston, Laura</marc:subfield>
      <marc:subfield code="4">aut</marc:subfield>
      <marc:subfield code="e">Verfasser/-in</marc:subfield>
   </marc:datafield>
   <marc:datafield ind1=" " ind2=" " tag="653">
      <marc:subfield code="a">Großmutter</marc:subfield>
   </marc:datafield>
   <marc:datafield ind1=" " ind2=" " tag="653">
      <marc:subfield code="a">Bilderbuch</marc:subfield>
   </marc:datafield>
   <marc:datafield ind1=" " ind2=" " tag="653">
      <marc:subfield code="a">Alzheimer-Krankheit</marc:subfield>
   </marc:datafield>
   <marc:datafield ind1=" " ind2=" " tag="653">
      <marc:subfield code="a">Vergesslichkeit</marc:subfield>
   </marc:datafield>
   <marc:datafield ind1="0" ind2="0" tag="245">
      <marc:subfield code="a">Omas Apfelkuchen</marc:subfield>
   </marc:datafield>
   <marc:datafield ind1="0" ind2="0" tag="245">
      <marc:subfield code="c">Laura Langston &amp; Lindsey Gardiner</marc:subfield>
   </marc:datafield>
   <marc:datafield ind1=" " ind2="1" tag="264">
      <marc:subfield code="a">Kiel</marc:subfield>
      <marc:subfield code="b">Wittig</marc:subfield>
      <marc:subfield code="c">2004</marc:subfield>
   </marc:datafield>
   <marc:datafield ind1="1" ind2=" " tag="520">
      <marc:subfield code="a">Greta und ihre Oma mögen sich sehr und unternehmen viel zusammen. Doch Oma wird immer vergesslicher - bis sie sich eines Tages nicht mehr daran erinnern kann, wer Greta ist. Alzheimer - nie explizit erwähnt, doch erstmals Thema eines Bilderbuchs! Aus Gretas kindlicher Sicht werden die Auswirkungen der Krankheit in Alltagserlebnissen thematisiert und Unsicherheiten (auch der Familie) beschrieben. Dabei hält sich das Buch eng an die konkrete Erfahrungswelt von Kindern und überfordert sie nicht. Die Eltern bleiben fürsorglich im Hintergrund, doch besonders als sich Oma nicht mehr erinnert, wer Greta ist und die Tränen kullern, sind sie da. Ganz im Gegensatz zur ernsten Thematik ist das Buch sehr leicht, mit heiterem Tenor und pointiertem, unpädagogischem Text. Es besticht durch eine ganz selbstverständliche, liebevolle Art, mit älteren, kranken Menschen umzugehen. Die positive, frische Atmosphäre trägt das Buch und die sehr ansprechenden Bilder in hellen, bunten Farben unterstreichen diesen Charakter. Äußerst gelungen und anrührend.</marc:subfield>
   </marc:datafield>
   <marc:datafield ind1=" " ind2=" " tag="020">
      <marc:subfield code="a">9783804844834</marc:subfield>
      <marc:subfield code="9">9783804844834</marc:subfield>
   </marc:datafield>
   <marc:datafield ind1=" " ind2=" " tag="041">
      <marc:subfield code="a">ger</marc:subfield>
   </marc:datafield>
   <marc:datafield ind1="1" ind2=" " tag="521">
      <marc:subfield code="a">0</marc:subfield>
   </marc:datafield>
   <marc:datafield ind1=" " ind2=" " tag="300">
      <marc:subfield code="a">[14] Bl. : überw. Il</marc:subfield>
   </marc:datafield>
</marc:record>
